000 00726nam a22002417a 4500
999 _c329318
_d329318
001 43199
003 UA-OsUOA
005 20230504161236.0
007 ta
008 20061212b un ||||| |||| 00| 0 ukr d
020 _a9666423189
040 _aUA-OsUOA
_bukr
_cUA-OsUOA
_dUA-OsUOA
041 _aukr
080 _a18(075.8)
090 _a18(075.8)
_bЛ36
245 _aЕстетика
_cЛ. Т. Левчук, В.І.Панченко, О.І.Оніщенко, Д. Ю. Кучерюк
260 _aК.
_bВища школа
_c2006
300 _a431 с.
650 7 _a1 Філософські науки
_2UDC
942 _cBK
_2udc
955 _a2